La doctrina educativa de J. J. Rousseau
Uloženo v:
| Hlavní autor: | |
|---|---|
| Médium: | Kniha |
| Jazyk: | španělština |
| Vydáno: |
Barcelona
Labor
1937
|
| Vydání: | 2a. ed |
| Edice: | Colección Labor. Sección educación, 278
|
| Témata: | |
| Tagy: |
Přidat tag
Žádné tagy, Buďte první, kdo vytvoří štítek k tomuto záznamu!
|
MARC
| LEADER | 00000nam a2200000 a 4500 | ||
|---|---|---|---|
| 001 | UCY7992 | ||
| 003 | CL-VaPUC | ||
| 008 | 950623e19370000SP |||||||||||||||||spa|d | ||
| 082 | 0 | 4 | |a 370.1 |b VIA |2 21 |
| 100 | 0 | |a Vial, Francisque |e author |9 339034 | |
| 245 | 1 | 3 | |a La doctrina educativa de J. J. Rousseau |
| 250 | |a 2a. ed | ||
| 300 | |a 183 p | ||
| 942 | |c BK | ||
| 945 | |d 19950623 00:00:00 |a mfernand | ||
| 260 | |a Barcelona |b Labor |c 1937 | ||
| 600 | 0 | |a Rousseau, Jean Jacques |e autor |9 255697 | |
| 650 | 0 | |a Filosofía de la educación |9 258384 | |
| 650 | 0 | |a Teoría de la educación |9 309368 | |
| 650 | 0 | |a Sociología de la educación |9 260380 | |
| 650 | 7 | |a HOMBRE |2 CL-VaPUC |9 262149 | |
| 583 | |a last modification |c 19950623 00:00:00 |k Rodrigo Vera | ||
| 490 | 0 | |a Colección Labor. Sección educación, 278 | |
| 999 | |c 235283 |d 235281 | ||
| 952 | |0 0 |1 0 |4 0 |6 370_100000000000000_VIA_1937 |7 0 |8 P |9 242593 |a BIBEDU |b BIBEDU |c BIBEDU_PB |d 2019-11-18 |i 1523473 |o 370.1 VIA 1937 |p 1523473 |r 2024-01-25 |w 2019-11-18 |y BK |k EDU | ||